|
|
|
|
| LEADER |
00000cam a22000004a 4500 |
| 001 |
musev2_21047 |
| 003 |
MdBmJHUP |
| 005 |
20230905042239.0 |
| 006 |
m o d |
| 007 |
cr||||||||nn|n |
| 008 |
960401s1996 dcu o 00 0 eng d |
| 020 |
|
|
|a 9780813220741
|
| 020 |
|
|
|z 9780813208480
|
| 020 |
|
|
|z 9780813209326
|
| 035 |
|
|
|a (OCoLC)815970854
|
| 040 |
|
|
|a MdBmJHUP
|c MdBmJHUP
|
| 050 |
0 |
4 |
|a B765.T54
|b M236 1996
|
| 082 |
0 |
|
|a 169/.092
|2 20
|
| 100 |
1 |
|
|a McInerny, Ralph,
|d 1929-2010.
|
| 245 |
1 |
0 |
|a Aquinas and Analogy /
|c Ralph McInerny.
|
| 264 |
|
1 |
|a Washington, D.C. :
|b Catholic University of America Press,
|c 1996
|
| 264 |
|
3 |
|a Baltimore, Md. :
|b Project MUSE,
|c 2013
|
| 264 |
|
4 |
|c ©1996
|
| 300 |
|
|
|a 1 online resource (180 pages).
|
| 336 |
|
|
|a text
|b txt
|2 rdacontent
|
| 337 |
|
|
|a computer
|b c
|2 rdamedia
|
| 338 |
|
|
|a online resource
|b cr
|2 rdacarrier
|
| 504 |
|
|
|a Includes bibliographical references (p. 165-166) and index.
|
| 588 |
|
|
|a Description based on print version record.
|
| 600 |
1 |
0 |
|a Cajetan, Tommaso de Vio,
|d 1469-1534
|x Contributions in doctrine of analogy.
|
| 600 |
0 |
0 |
|a Thomas,
|c Aquinas, Saint,
|d 1225?-1274
|x Contributions in doctrine of analogy.
|
| 650 |
|
0 |
|a Analogy (Religion)
|x History of doctrines
|y 16th century.
|
| 650 |
|
0 |
|a Analogy (Religion)
|x History of doctrines
|y Middle Ages, 600-1500.
|
| 650 |
|
0 |
|a Analogy
|x History.
|
| 655 |
|
7 |
|a Electronic books.
|2 local
|
| 710 |
2 |
|
|a Project Muse.
|
| 710 |
2 |
|
|a Project Muse.
|e distributor
|
| 830 |
|
0 |
|a Book collections on Project MUSE.
|
| 856 |
4 |
0 |
|z Texto completo
|u https://projectmuse.uam.elogim.com/book/21047/
|
| 945 |
|
|
|a Project MUSE - Custom Collection
|
| 945 |
|
|
|a Project MUSE - Archive Complete Supplement
|
| 945 |
|
|
|a Project MUSE - Archive Philosophy and Religion Supplement
|